| 000 | 00348nam a22001337a 4500 | ||
|---|---|---|---|
| 082 |
_a669.722 _bALU _cL-17, P-4 |
||
| 245 |
_aAluminium Bronze _cALU |
||
| 250 | _a7th revised impression, 1955 | ||
| 260 |
_aEngland _bCDA _cc1955 |
||
| 300 |
_ap 170. _bill _c18cm |
||
| 526 |
_a0 _b0 _c0 _d669_722000000000000_ALU |
||
| 650 |
_aMCE _9379 |
||
| 942 |
_2ddc _cBK |
||
| 999 |
_c548896 _d548896 |
||